¡Basta ya de violencia contra nosotras! (Registro nro. 7806)

Detalles MARC
000 -LIDER
fixed length control field 00594nam a2200193 a 4500
001 - NÚMERO DE CONTROL
Identificador de número de control 000030751
003 - IDENTIFICACDOR DE NÚMERO DE CONTROL
control field DO-SdBNP
005 - DATE AND TIME OF LATEST TRANSACTION
control field 20180409134918.0
007 - CAMPOS FIJOS DE DESCRIPCIÓN FÍSICA
fixed length control field 000030751
008 - ELEMENTOS DE LONGITUD FIJA
fixed length control field 110527s19uu dr 000 0 spa d
040 ## - FUENTE DE CATALOGACIÓN
Agencia que crea de manera original el registro BPMET
Idioma de catalogación spa
Agencia que realiza la transcripción BPMET
245 00 - MENCIÓN DE TITULO
Título ¡Basta ya de violencia contra nosotras!
260 ## - PUBLICACIÓN, DISTRIBUCIÓN, ETC. (PIE DE IMPRENTA)
Lugar de publicación, distribución, etc [Santo Domingo] :
Nombre del editor, distribuidor, etc. Centro de Orientación e Investigación Integral,
Fecha de publicación, distribución, etc [199?].
300 ## - DESCRIPCIÓN FÍSICA
Extensión [9] p. ;
Dimensiones 21 cm.
942 ## - ADDED ENTRY ELEMENTS (KOHA)
Source of classification or shelving scheme Dewey Decimal Classification
Koha item type Libros
945 ## - INFORMACIÓN DE PROCESAMIENTO LOCAL
Información de procesamiento local Remanejado para la BNPHU, 2018 /BT
956 ## - LOCAL ELECTRONIC LOCATION AND ACCESS (OCLC)
Nombre de host IGARCIA
Número de acceso 10
Información de compresión 20110527
Inicio de sesión BND01
Procesador de solicitud 1019
956 ## - LOCAL ELECTRONIC LOCATION AND ACCESS (OCLC)
Nombre de host VMATEO
Número de acceso 10
Información de compresión 20110530
Inicio de sesión BND01
Procesador de solicitud 1147
Existencias
Withdrawn status Lost status Source of classification or shelving scheme Damaged status Not for loan Collection code Home library Current library Date acquired Total Checkouts Barcode Date last seen Price effective from Koha item type
    Dewey Decimal Classification     Colección Dominicana Biblioteca Pública Metropolitana Salomé Ureña Biblioteca Pública Metropolitana Salomé Ureña 05/07/2015   BPMSU15051576 05/07/2015 05/07/2015 Libros